Statistiken für Zufällige Hauptstädte Afrikas auf einer Karte

Klicken Sie hier um das Quiz zu spielen!

Allgemein

  • Dieses Quiz wurde 7.062 mal gespielt
  • Das Durchschnittsergebnis liegt bei 7 aus 12

Antworten auf der Karte

Die Antworten werden auf der Karte rot bzw. grün angezeigt, abhängig davon wie oft sie richtig erraten wurden.
 

Antwortstatistiken

Hauptstadt% Korrekt
Kairo
99%
Tunis
92%
Algier
90%
Rabat
89%
Addis Abeba
88%
Kapstadt
87%
Nairobi
79%
Dakar
78%
Pretoria
78%
Mogadischu
73%
São Tomé
73%
Antananarivo
71%
Kinshasa
71%
Tripolis
71%
Windhoek
71%
Accra
69%
Kampala
66%
Luanda
65%
Dschibuti
64%
Khartum
64%
Bissau
63%
Dodoma
63%
Jaunde
63%
Lomé
62%
Freetown
61%
Abuja
59%
Juba
59%
Ouagadougou
59%
Brazzaville
58%
N'Djamena
58%
Kigali
56%
Porto-Novo
56%
Libreville
55%
Asmara
53%
Yamoussoukro
53%
Lilongwe
52%
Niamey
52%
Praia
52%
Victoria
52%
Bamako
51%
Moroni
51%
Mbabane
50%
Harare
49%
Lusaka
49%
Bloemfontein
48%
Maputo
47%
Nouakchott
47%
Banjul
46%
Monrovia
46%
Bangui
44%
Conakry
43%
Gaborone
43%
Gitega
42%
Maseru
41%
Port Louis
41%
Malabo
36%
Cotonou
21%

Verteilung der Resultate

Perzentil nach korrekt beantworteten Fragen

Anzahl Personen mit jedem Resultat

Ihre Resultats-Entwicklung

Sie haben dieses Quiz noch nicht gespielt